| 000 | 00994cam a2200229 4500 | ||
|---|---|---|---|
| 001 | ABS66426 | ||
| 008 | 030226n2003 000 0 eng u | ||
| 035 | _a(Sirsi) u121431 | ||
| 100 | _aBailey, J. | ||
| 245 | _aStand up and be counted | ||
| 260 | _c2003 | ||
| 490 |
_aEstates Gazette _v(0307) 15 February 2003, 125(1) |
||
| 520 | _aReview of the recently introduced minimum educational requirements appropriate to the field for new members of the European Council of Real Estate Professionals. These will be met by a post-secondary education course, normally lasting three years. Lists the requirements of the initiative which would be recognisable to practising estate agents in the UK. A similar scheme could be adopted in the UK. | ||
| 590 | _aABS | ||
| 650 | _aESTATE AGENCY | ||
| 650 | _aREAL ESTATE AGENTS | ||
| 650 | _aEUROPE | ||
| 650 | _aEUROPEAN COUNCIL OF REAL ESTATE PROFESSIONALS | ||
| 650 | _aEDUCATIONAL REQUIREMENTS | ||
| 690 | _aEDUCATION-CAREERS | ||
| 942 | _n0 | ||
| 999 |
_c72158 _d72158 |
||